LEADER 01308nam0-2200325 --450 001 9910839683703321 005 20240402113013.0 010 $a285939298X 100 $a20240402d1987----kmuy0itay5050 ba 101 0 $afre 102 $aFR 105 $a 001yy 200 1 $aSur le problème d'une fondation rationnelle de l'éthique à l'âge de la science$el'a priori de la communauté communicationelle et les fondements de l'éthique$eprécédé d'un avant-propos$fKarl-Otto Apel$gtraduit de l'allemand par Raphaël Lellouche et Inga Mittmann$gavec le concours de Christian Bouchindhomme et d'André Laks$gintroduction de Raphaël Lellouche 210 $aLille$cPresses Universitaires de Lille$dstampa 1987 215 $a138 p.$d20 cm 225 1 $aOpuscules$v2 312 $aTit. della cop. 517 1 $a<>ethique a l'age de la science 700 1$aApel,$bKarl-Otto$0143815 702 1$aMittmann,$bInga 702 1$aLaks,$bAndré 702 1$aBouchindhomme,$bChristian 702 1$aLellouche,$bRaphael 801 0$aIT$bUNINA$gREICAT$2UNIMARC 901 $aBK 912 $a9910839683703321 952 $aDAM A70 APEK 02$b2024/4082$fFLFBC 959 $aFLFBC 996 $aSur le problème d'une fondation rationnelle de l'éthique à l'âge de la science$94148205 997 $aUNINA